[Event "Imperia op 24th"]
[Site "Imperia"]
[Date "1982.09.08"]
[Round "4"]
[White "Emanuelli Simoncini, Renato"]
[Black "Tedeschi, Paolo"]
[Result "1/2-1/2"]
[WhiteElo "1600"]
[BlackElo "1600"]
[PlyCount "34"]
[EventDate "1982.09.05"]
[EventType "swiss"]
[EventRounds "8"]
[EventCountry "ITA"]
[SourceTitle "EXT 2024"]
[Source "ChessBase"]
[SourceDate "2023.10.10"]
[SourceVersion "1"]
[SourceVersionDate "2023.10.10"]
[SourceQuality "1"]

1. d4 c6 2. c4 d5 3. Nc3 Bf5 4. Nf3 e6 5. Bf4 Bd6 6. Bxd6 Qxd6 7. e3 Qb4 8. Qb3 Qxb3 9. axb3 Nd7 10. Be2 Ngf6 11. Nh4 Be4 12. f3 Bc2 13. Ra3 g5 14. Kd2 Bg6 15. Nxg6 hxg6 16. Rha1 a6 17. h3 Ke7 1/2-1/2